[Event "Vereinsmeisterschaft 2017/18"]
[Site "?"]
[Date "2018.03.22"]
[Round "5"]
[White "Wirtz, Uwe"]
[Black "Birnkott, Manfred"]
[Result "1/2-1/2"]
[WhiteElo "1861"]
[BlackElo "1823"]
[PlyCount "40"]
[SourceVersionDate "2013.08.16"]

1. e4 c5 2. c3 Nf6 3. d3 Nc6 4. Nf3 d6 5. Be2 g6 6. O-O Bg7 7. Na3 O-O 8. Nc2
a6 9. Bg5 h6 10. Be3 b5 11. h3 Bb7 12. Nd2 Kh7 13. f4 Nd7 14. Rb1 b4 15. d4 e6
16. Bf3 Rb8 17. d5 exd5 18. exd5 Ne7 19. c4 Nf5 20. Bf2 Nf6 1/2-1/2

[Event "Vereinsmeisterschaft 2017/18"]
[Site "?"]
[Date "2018.03.22"]
[Round "5"]
[White "Friedsam, Manfred"]
[Black "Schmitz, Andreas"]
[Result "1/2-1/2"]
[WhiteElo "1732"]
[BlackElo "1910"]
[PlyCount "39"]
[SourceVersionDate "2013.08.16"]

1. e4 e6 2. d4 d5 3. Nc3 Nf6 4. Bg5 Be7 5. e5 Nfd7 6. h4 a6 7. Bxe7 Qxe7 8. Qg4
f5 9. Qg5 c5 10. f4 cxd4 11. Qxe7+ Kxe7 12. Nce2 Nc6 13. Nf3 d3 14. cxd3 Nb4
15. Ned4 Nc5 16. Kd2 Bd7 17. a3 Nc6 18. Rc1 Nxd4 19. Nxd4 Rac8 20. Be2 1/2-1/2

[Event "Vereinsmeisterschaft 2017/18"]
[Site "?"]
[Date "2018.03.22"]
[Round "5"]
[White "Hoffmann, Frank"]
[Black "Multhauf, Stefan"]
[Result "1/2-1/2"]
[WhiteElo "1796"]
[BlackElo "1647"]
[PlyCount "25"]
[SourceVersionDate "2013.08.16"]

1. e4 e6 2. d4 d5 3. exd5 exd5 4. Bd3 Bd6 5. Ne2 Ne7 6. Bf4 Bf5 7. O-O O-O 8.
Bxd6 Qxd6 9. Bxf5 Nxf5 10. Qd3 g6 11. Ng3 Nxg3 12. Qxg3 Qxg3 13. hxg3 1/2-1/2

[Event "Vereinsmeisterschaft 2017/18"]
[Site "?"]
[Date "2018.03.22"]
[Round "5"]
[White "Mizich, Vadim"]
[Black "Blomeyer, Peter"]
[Result "0-1"]
[WhiteElo "1310"]
[BlackElo "1794"]
[PlyCount "51"]
[SourceVersionDate "2013.08.16"]

1. d4 d6 2. e4 Nf6 3. Nc3 e5 4. dxe5 dxe5 5. Qxd8+ Kxd8 6. Bg5 Be6 7. Nf3 Nbd7
8. O-O-O Kc8 9. Bxf6 gxf6 10. Nd2 c6 11. Bc4 b5 12. Bxe6 fxe6 13. Ne2 Kc7 14.
f4 Bh6 15. Rhf1 Raf8 16. Rf3 Rhg8 17. Rh3 Rxg2 18. Rxh6 Rxe2 19. Rxh7 exf4 20.
Nb3 Rd8 21. Nc5 Kc8 22. Rdxd7 Rxd7 23. Rxd7 f3 24. Kd1 Rxh2 25. Ke1 Rh4 26.
Rxa7 {...von hier an ist die Notation nicht mehr weiter zuverfolgen.} 0-1

[Event "Vereinsmeisterschaft 2017/18"]
[Site "?"]
[Date "2018.03.22"]
[Round "5"]
[White "Düster, Frank"]
[Black "Azadov, Vasif"]
[Result "1-0"]
[WhiteElo "1725"]
[BlackElo "1384"]
[PlyCount "93"]
[SourceVersionDate "2013.08.16"]

1. e4 e6 2. d4 Nf6 3. Bd3 Nc6 4. Nf3 d5 5. e5 Nd7 6. O-O Ne7 7. b4 b6 8. Bg5 h6
9. Be3 Nf5 10. c3 c5 11. bxc5 bxc5 12. Qc2 Nh4 13. Nbd2 Nxf3+ 14. Nxf3 c4 15.
Be2 Be7 16. h3 O-O 17. Nh2 f5 18. exf6 Nxf6 19. Nf3 Bd6 20. Qc1 Ne4 21. Bd1 Rf6
22. Nd2 Ng5 23. Bxg5 hxg5 24. Bf3 Bf4 25. Qe1 Qa5 26. Nxc4 Qd8 27. Ne5 Qd6 28.
Ng4 Rg6 29. c4 Qd8 30. c5 Rb8 31. Rb1 Ba6 32. Rxb8 Qxb8 33. Be2 Bxe2 34. Qxe2
Qb4 35. Rd1 Kf7 36. g3 Bc7 37. Qd3 Qb8 38. Kg2 Qe8 39. Re1 Qb8 40. Rb1 Qc8 41.
Qa3 a5 42. Qb3 Ke7 43. Qb7 Kd8 44. Qc6 Qd7 45. Qa8+ Ke7 46. Rb7 e5 47. Nxe5 1-0

[Event "Vereinsmeisterschaft 2017/18"]
[Site "?"]
[Date "2018.03.22"]
[Round "5"]
[White "Weißenfels, Siegfried"]
[Black "Sockel, Karl-Heinz"]
[Result "0-1"]
[WhiteElo "1327"]
[BlackElo "1903"]
[PlyCount "92"]
[SourceVersionDate "2013.08.16"]

1. d4 f5 2. Bf4 d6 3. f3 Nf6 4. Nc3 g6 5. e4 Bg7 6. Bc4 Nc6 7. Nge2 fxe4 8.
fxe4 Na5 9. Bb3 Nxb3 10. axb3 O-O 11. O-O c6 12. Qd2 Qb6 13. Bh6 e5 14. Bxg7
Kxg7 15. Kh1 Be6 16. dxe5 dxe5 17. Qd6 Rae8 18. Ng3 Bc8 19. Qa3 a6 20. Na4 Qe3
21. Qc5 Qg5 22. Nb6 Bg4 23. Nc4 h5 24. Qe3 Qxe3 25. Nxe3 g5 26. Nxg4 Nxg4 27.
Rxf8 Rxf8 28. Nf1 Rf4 29. Re1 Rxe4 30. Rxe4 Nf2+ 31. Kg1 Nxe4 32. Ne3 Kf6 33.
Kf1 Nd6 34. Ke2 Nf5 35. Nc4 g4 36. Kd3 Ke6 37. Nd2 h4 38. Ke4 Nd6+ 39. Kd3 Kf5
40. Ke3 c5 41. c3 e4 42. Nf1 Ke5 43. Nd2 Nf5+ 44. Ke2 e3 45. Nf1 Ke4 46. g3 h3
0-1

[Event "Vereinsmeisterschaft 2017/18"]
[Site "?"]
[Date "2018.03.22"]
[Round "5"]
[White "Balduan, Karl-Heinz"]
[Black "Nölle, Lisa"]
[Result "1-0"]
[WhiteElo "1553"]
[BlackElo "865"]
[PlyCount "53"]
[SourceVersionDate "2013.08.16"]

1. e4 c5 2. Bc4 e6 3. Nc3 Nc6 4. a3 Nf6 5. d3 g6 6. Nf3 Bg7 7. O-O O-O 8. Bg5
d6 9. Nd2 a6 10. Ba2 Qc7 11. Rb1 Rb8 12. Ne2 b6 13. Bh4 Bb7 14. f4 Rbc8 15. f5
d5 16. fxe6 fxe6 17. Bxf6 Rxf6 18. exd5 Nd4 19. Nxd4 cxd4 20. dxe6 Kh8 21. Rc1
Rxf1+ 22. Qxf1 Rf8 23. Qe2 Be5 24. h3 Bh2+ 25. Kh1 Qf4 26. Rf1 Qd6 27. Rxf8+
1-0

[Event "Vereinsmeisterschaft 2017/18"]
[Site "?"]
[Date "2018.03.22"]
[Round "5"]
[White "Nölle, Michael"]
[Black "Milz, Ulrich"]
[Result "0-1"]
[WhiteElo "1321"]
[BlackElo "1448"]
[PlyCount "55"]
[SourceVersionDate "2013.08.16"]

1. c4 e6 2. Nc3 b6 3. d4 Bb7 4. e4 Bb4 5. Bd2 Bxc3 6. Bxc3 Bxe4 7. Qg4 Bg6 8.
f4 Nh6 9. Qf3 c6 10. d5 O-O 11. dxc6 Nxc6 12. h3 Nf5 13. Bd3 Qh4+ 14. Kd1 Rad8
15. Be1 Qf6 16. Bc3 e5 17. fxe5 Nxe5 18. Bxf5 Bxf5 19. Qe2 Qd6+ 20. Bd2 Rfe8
21. Nf3 Nd3 22. Be3 Qb4 23. b3 Qc3 24. Rb1 Nf4 25. Rc1 Qxe3 26. Qxe3 Rxe3 27.
Rf1 Rde8 28. Nd4 0-1

[Event "Vereinsmeisterschaft 2017/18"]
[Site "Leverkusen"]
[Date "2018.04.26"]
[Round "6"]
[White "Blomeyer, Peter"]
[Black "Wirtz, Uwe"]
[Result "0-1"]
[WhiteElo "1794"]
[BlackElo "1861"]
[PlyCount "42"]
[EventDate "2017.11.09"]
[SourceVersionDate "2013.08.16"]

1. c4 e5 2. Nc3 Nf6 3. g3 c6 4. Bg2 d5 5. d4 dxc4 6. dxe5 Qxd1+ 7. Nxd1 Nd5 8.
Bd2 Be6 9. a3 Nd7 10. f4 g6 11. Nf3 Nc5 12. Nd4 O-O-O 13. Bc3 Nxc3 14. bxc3 Bd5
15. Bh3+ Kc7 16. Rf1 Bg7 17. Ne3 Rhe8 18. Nxd5+ Rxd5 19. Bg2 Rdd8 20. a4 f6 21.
exf6 Bxf6 0-1

[Event "Vereinsmeisterschaft 2017/18"]
[Site "?"]
[Date "2018.04.26"]
[Round "6"]
[White "Birnkott, Manfred"]
[Black "Friedsam, Manfred"]
[Result "1/2-1/2"]
[WhiteElo "1829"]
[BlackElo "1732"]
[PlyCount "28"]
[EventDate "2018.??.??"]
[SourceVersionDate "2013.08.16"]

1. e4 e6 2. d4 d5 3. Nc3 Nf6 4. Bg5 Bb4 5. exd5 Qxd5 6. Bxf6 gxf6 7. Qd3 Nc6 8.
Nge2 Bxc3+ 9. Qxc3 Bd7 10. b3 a5 11. a3 b5 12. Qc5 Qxc5 13. dxc5 b4 14. a4 e5
1/2-1/2

[Event "Vereinsmeisterschaft 2017/18"]
[Site "Leverkusen"]
[Date "2018.04.26"]
[Round "6"]
[White "Schmitz, Andreas"]
[Black "Röttgers, Roland"]
[Result "1-0"]
[WhiteElo "1910"]
[BlackElo "1742"]
[PlyCount "31"]
[EventDate "2017.11.09"]
[SourceVersionDate "2013.08.16"]

1. Nf3 c5 2. c4 g6 3. Nc3 Bg7 4. g3 Nf6 5. Bg2 O-O 6. d3 d6 7. O-O Na6 8. Ng5
h6 9. Nge4 Nxe4 10. Nxe4 Nc7 11. f4 f5 12. Nc3 Rb8 13. Qc2 b5 14. Nxb5 Nxb5 15.
cxb5 Rxb5 16. Qc4+ 1-0

[Event "Vereinsmeisterschaft 2017/18"]
[Site "Leverkusen"]
[Date "2018.04.26"]
[Round "6"]
[White "Multhauf, Stefan"]
[Black "Düster, Frank"]
[Result "1/2-1/2"]
[WhiteElo "1647"]
[BlackElo "1725"]
[PlyCount "37"]
[EventDate "2018.01.08"]
[SourceVersionDate "2013.08.16"]

1. e4 e5 2. f4 Bc5 3. Nc3 d6 4. Nf3 Nc6 5. Bc4 Nf6 6. Na4 Nxe4 7. Nxc5 Nxc5 8.
Ng5 d5 9. Bb5 h6 10. Bxc6+ bxc6 11. Nf3 e4 12. Nd4 Qf6 13. Ne2 Bg4 14. O-O O-O
15. Qe1 d4 16. Ng3 Bf5 17. b4 Nb7 18. Bb2 Rad8 19. Qf2 1/2-1/2

[Event "Vereinsmeisterschaft 2017/18"]
[Site "Leverkusen"]
[Date "2018.04.26"]
[Round "6"]
[White "Mizich, Vadim"]
[Black "Weißenfels, Siegfried"]
[Result "1/2-1/2"]
[WhiteElo "1310"]
[BlackElo "1327"]
[PlyCount "109"]
[EventDate "2017.11.09"]
[SourceVersionDate "2013.08.16"]

1. e4 g6 2. Nf3 d6 3. Bc4 e5 4. d4 Bg7 5. dxe5 dxe5 6. Qxd8+ Kxd8 7. Ng5 Nh6 8.
Bxf7 Ke7 9. Bc4 Nc6 10. c3 Ng4 11. O-O h6 12. Nf3 Nf6 13. Bd5 Nxd5 14. exd5 Nd8
15. Re1 Nf7 16. Nxe5 Nxe5 17. f4 Kd6 18. fxe5+ Bxe5 19. c4 g5 20. Na3 a6 21.
Rb1 Bf5 22. Ra1 Rhe8 23. Bd2 Bxb2 24. Bb4+ c5 25. dxc6+ Kxc6 26. Rxe8 Rxe8 27.
Rd1 Re6 28. Rd5 Bxa3 29. Bxa3 Bb1 30. Rd2 b5 31. cxb5+ axb5 32. Bb4 Be4 33. Re2
Bd5 34. Rc2+ Bc4 35. Kf2 Kd5 36. Kf3 h5 37. h3 Rf6+ 38. Kg3 Rf5 39. Rd2+ Ke4
40. a3 Rd5 41. Rxd5 Bxd5 42. Bd2 Kf5 43. Kf2 g4 44. h4 Ke4 45. Ke2 Bc4+ 46. Kf2
Kd3 47. Bg5 Bd5 48. g3 Ke4 49. Ke2 Bc4+ 50. Kd2 Bf7 51. Kc3 Kd5 52. Kb4 Be8 53.
Ka5 Kc6 54. a4 bxa4 55. Kxa4 1/2-1/2

[Event "Vereinsmeisterschaft 2017/18"]
[Site "Leverkusen"]
[Date "2018.04.26"]
[Round "6"]
[White "Milz, Ulrich"]
[Black "Balduan, Karl-Heinz"]
[Result "1/2-1/2"]
[WhiteElo "1448"]
[BlackElo "1553"]
[PlyCount "37"]
[EventDate "2017.11.09"]
[SourceVersionDate "2013.08.16"]

1. e4 e5 2. Bc4 Be7 3. Nc3 Nc6 4. a3 Na5 5. Ba2 d6 6. b4 Nc6 7. h3 Nd4 8. Nf3
Ne6 9. Nd5 c6 10. Nxe7 Nxe7 11. d3 Ng6 12. g3 h6 13. Be3 Qf6 14. c3 Ng5 15.
Nxg5 hxg5 16. d4 Rxh3 17. Rxh3 Bxh3 18. dxe5 Nxe5 19. Qh5 1/2-1/2

[Event "Vereinsmeisterschaft 2017/18"]
[Site "Leverkusen"]
[Date "2018.05.24"]
[Round "7"]
[White "Schmitz, Andreas"]
[Black "Wirtz, Frank"]
[Result "0-1"]
[WhiteElo "1910"]
[BlackElo "1887"]
[PlyCount "92"]
[EventDate "2017.11.09"]
[SourceVersionDate "2013.08.16"]

1. Nf3 d6 2. d4 g6 3. c3 Nf6 4. Bg5 Bg7 5. Nbd2 h6 6. Bxf6 Bxf6 7. Qb3 a5 8. e4
Nd7 9. Bd3 e5 10. O-O O-O 11. h3 Qe7 12. dxe5 dxe5 13. Qc2 Nc5 14. Bc4 c6 15.
a3 b5 16. Ba2 Be6 17. b4 Bxa2 18. Rxa2 Ne6 19. Rd1 Rfd8 20. Rb2 Qd6 21. Rbb1
Qd3 22. Ne1 Qxc2 23. Nxc2 Rd3 24. Nb3 Rxc3 25. Rb2 axb4 26. axb4 Rd8 27. Rxd8+
Bxd8 28. Ne3 Kg7 29. Kh2 Bb6 30. Nd1 Rd3 31. Rb1 Kf6 32. h4 Ke7 33. Kg1 Nd4 34.
Nxd4 Rxd4 35. Nc3 Rd2 36. Nd1 Re2 37. Kf1 Rxe4 38. g3 Ke6 39. Rb3 f5 40. f3 Rc4
41. Nc3 Bd4 42. Ne2 Kd5 43. Ke1 Rc2 44. Kd1 Ra2 45. f4 Kc4 46. Nc1 Ra1 0-1

[Event "Vereinsmeisterschaft 2017/18"]
[Site "Leverkusen"]
[Date "2018.05.24"]
[Round "7"]
[White "Wirtz, Uwe"]
[Black "Multhauf, Stefan"]
[Result "1/2-1/2"]
[WhiteElo "1861"]
[BlackElo "1647"]
[PlyCount "42"]
[EventDate "2018.05.24"]
[SourceVersionDate "2013.08.16"]

1. e4 d6 2. d4 Nf6 3. Nc3 Nbd7 4. f4 e5 5. Nf3 exd4 6. Qxd4 Be7 7. Bd2 a6 8.
O-O-O b5 9. e5 dxe5 10. fxe5 Bc5 11. Qh4 Ng8 12. Qg3 g6 13. Ne4 Be7 14. Bf4 Bb7
15. Bd3 c5 16. Nd6+ Bxd6 17. exd6 Qa5 18. Rhe1+ Kd8 19. Ng5 Qxa2 20. Nxf7+ Qxf7
21. Bg5+ Kc8 1/2-1/2

[Event "Vereinsmeisterschaft 2017/18"]
[Site "Leverkusen"]
[Date "2018.05.24"]
[Round "7"]
[White "Düster, Frank"]
[Black "Birnkott, Manfred"]
[Result "0-1"]
[WhiteElo "1725"]
[BlackElo "1823"]
[PlyCount "26"]
[EventDate "2017.11.09"]
[SourceVersionDate "2013.08.16"]

1. a3 g6 2. e4 c5 3. Bc4 Nc6 4. Nf3 Bg7 5. O-O d6 6. Nc3 Nf6 7. Re1 O-O 8. d3
Bg4 9. h3 Bxf3 10. Qxf3 Ne5 11. Qe3 Nxc4 12. dxc4 Nd7 13. f4 Bd4 0-1

[Event "Vereinsmeisterschaft 2017/18"]
[Site "Leverkusen"]
[Date "2018.05.24"]
[Round "7"]
[White "Asadov, Vasif"]
[Black "Blomeyer, Peter"]
[Result "0-1"]
[WhiteElo "1384"]
[BlackElo "1794"]
[PlyCount "40"]
[EventDate "2017.11.09"]
[SourceVersionDate "2013.08.16"]

1. d4 d6 2. c4 e5 3. dxe5 dxe5 4. Qxd8+ Kxd8 5. e4 Be6 6. Nf3 f6 7. Nc3 c6 8.
Bd3 Kc7 9. O-O Nh6 10. Bxh6 gxh6 11. Nd2 Na6 12. Nb3 Rd8 13. Rfd1 Rg8 14. f3
Rg7 15. a3 Bc5+ 16. Kh1 Rdg8 17. g3 h5 18. Nxc5 Nxc5 19. h3 Nb3 20. Rab1 Nd4
0-1

[Event "Vereinsmeisterschaft 2017/18"]
[Site "Leverkusen"]
[Date "2018.05.24"]
[Round "7"]
[White "Hoffmann, Frank"]
[Black "Mizich, Vadim"]
[Result "1-0"]
[WhiteElo "1796"]
[BlackElo "1310"]
[PlyCount "45"]
[EventDate "2017.11.09"]
[SourceVersionDate "2013.08.16"]

1. b3 d5 2. f4 Nf6 3. Nf3 Bf5 4. Bb2 e6 5. e3 a6 6. Be2 Nc6 7. O-O Bd6 8. h3 h6
9. Ne5 Bxe5 10. fxe5 Ne4 11. d3 Ng3 12. Rf3 Nxe2+ 13. Qxe2 Qg5 14. Qf2 Bg6 15.
d4 Nb4 16. Na3 O-O-O 17. Qd2 Nc6 18. Raf1 Rhf8 19. b4 Qe7 20. b5 axb5 21. Nxb5
Qd7 22. a4 Nb8 23. Na7# 1-0

[Event "Vereinsmeisterschaft 2017/18"]
[Site "Leverkusen"]
[Date "2018.05.24"]
[Round "7"]
[White "Röttgers, Roland"]
[Black "Balduan, Karl-Heinz"]
[Result "1-0"]
[WhiteElo "1742"]
[BlackElo "1553"]
[PlyCount "41"]
[EventDate "2017.11.09"]
[SourceVersionDate "2013.08.16"]

1. Nf3 d5 2. c4 c6 3. b3 Bf5 4. e3 Nf6 5. Bb2 e6 6. g3 Be7 7. Bg2 Qb6 8. Qc1
Na6 9. Bd4 c5 10. Bc3 O-O 11. O-O Bd3 12. Rd1 Ne4 13. Ne5 Bxb1 14. Rxb1 Nxc3
15. dxc3 Bf6 16. Nd7 Qa5 17. Nxf8 Kxf8 18. cxd5 Bxc3 19. dxe6 Rb8 20. Qc2 g6
21. Rd7 1-0

[Event "Vereinsmeisterschaft 2017/18"]
[Site "Leverkusen"]
[Date "2018.05.24"]
[Round "7"]
[White "Nölle, Lisa"]
[Black "Milz, Ulrich"]
[Result "1/2-1/2"]
[WhiteElo "865"]
[BlackElo "1448"]
[PlyCount "38"]
[EventDate "2017.11.09"]
[SourceVersionDate "2013.08.16"]

1. d4 e6 2. Nf3 b6 3. Bf4 Nf6 4. e3 Bb7 5. Nbd2 Nh5 6. Bg3 Nxg3 7. hxg3 h6 8.
c3 c5 9. Rc1 a6 10. Bd3 b5 11. e4 c4 12. Be2 d6 13. b3 cxb3 14. Qxb3 Nd7 15.
Qc2 Rc8 16. Rb1 Ba8 17. Nh2 Qb6 18. Qb3 Nf6 19. Bf3 Qc7 1/2-1/2